000 00366 a2200145 4500
999 _c2818
_d2818
020 _a9781405859394
050 _aKF1365 TAY2009
100 _aTaylor, Chris
_eauthor
245 _aCompany law /
264 _aLondon :
_bPearson,
_c2009
300 _a122p.:
_bill. (col.)
500 _aIncludes index
650 _aEngland
_xCompany law
942 _2lcc
_cBK
_h1365
_iTAY
_kKF